| 000 | 00837nam a2200229 a 4500 | ||
|---|---|---|---|
| 001 | BRCA_2264 | ||
| 005 | 20190320203733.0 | ||
| 008 | 830309s1983 nyua---##b---#001-0#eng-# | ||
| 020 | _a0801415063 | ||
| 050 | 4 |
_aND2920 _b.C28 1983 |
|
| 100 | 1 |
_aCalkins, Robert G. _96799 |
|
| 245 | 1 | 0 |
_aIlluminated Books of the Middle Ages _cRobert G. Calkins. |
| 260 |
_aIthaca, New York _bCornell University _c1983 |
||
| 300 |
_a341 p. _bil. (algunas a color), [24] p. de láminas _c29 cm. |
||
| 500 | _aIncluye índice alfabético y apéndices: Contenidos de los manuscritos | ||
| 504 | _aBibliografía: p. 324-334 | ||
| 650 | 1 | 4 |
_aLibros y manuscritos medievales _xIluminación _95270 |
| 650 | 1 | 4 |
_aBiblias medievales _xIluminación _96800 |
| 650 | 1 | 4 |
_aLibros de horas medievales _xIluminación _96801 |
| 653 | 0 | _aLibros antiguos | |
| 942 |
_2lcc _cB |
||
| 999 |
_c2013 _d2013 |
||